Odvrácená tvár SCM
Systém spojitého plánovania ( supply continuity planning - SCP) - nástroj na vyriešenie nestabilnej situácie v SCM. Odhalenie tienistých stránok v riadení dodávateľských reťazcov. Možné výkyvy a nestabilita v SCM. Potreba vytvorenia oficiálnych plánov, ktoré eliminujú čas a náklady pri narušení obch...
Uložené v:
| Hlavný autor: | |
|---|---|
| Médium: | Kapitola |
| Jazyk: | Czech |
| Predmet: | |
| Tagy: |
Žiadne tagy, Buďte prvý, kto otaguje tento záznam!
|
MARC
| LEADER | 00000naa$a2200000$$$4500 | ||
|---|---|---|---|
| 001 | 0032151 | ||
| 005 | 20231113115206.2 | ||
| 041 | 0 | |a cze | |
| 044 | |a CZ | ||
| 245 | 1 | 0 | |a Odvrácená tvár SCM |c Zdeněk Rybář |
| 520 | |a Systém spojitého plánovania ( supply continuity planning - SCP) - nástroj na vyriešenie nestabilnej situácie v SCM. Odhalenie tienistých stránok v riadení dodávateľských reťazcov. Možné výkyvy a nestabilita v SCM. Potreba vytvorenia oficiálnych plánov, ktoré eliminujú čas a náklady pri narušení obchodných aktivít. SCP model -1. Vytvorenie systému pre elimináciu rizík, 2. Prevencia voči diskontinuite v reťazci, 3. Náprava, 4. Znalostný manažment. | ||
| 610 | 2 | 0 | |a riadenie reťazcov dodávateľských |
| 610 | 2 | 0 | |a náklady |
| 610 | 2 | 0 | |a zásoby |
| 610 | 2 | 0 | |a efektívnosť |
| 610 | 2 | 0 | |a riziko |
| 610 | 2 | 0 | |a plán |
| 610 | 2 | 0 | |a plánovanie |
| 610 | 2 | 0 | |a prevencia |
| 610 | 2 | 0 | |a manažment logistický |
| 100 | 1 | |a Rybář, Zdeněk | |